Introduction to astronautics /

Bibliographic Details
Main Author: Ruppe, Harry O.
Format: Book
Language:English
Published: New York : Academic Press, 1966-
Subjects:

MARC

Tag First Indicator Second Indicator Subfields
LEADER 00000cam a2200000 4500
001 in00000098887
005 20150926125536.0
008 731003m19669999nyua b 00010 eng
010 |a  66014469  
035 |a (OCoLC)00953246 
035 |9 AAL3566AM 
040 |a DLC  |c DLC  |d TXA  |d UtOrBLW 
049 |a TXAM  |v 1 [482269]  |v 2 [482270] 
050 0 0 |a TL790  |b .R8 
082 0 |a 629.4 
100 1 |a Ruppe, Harry O. 
245 1 0 |a Introduction to astronautics /  |c [by] Harry O. Ruppe. 
264 1 |a New York :  |b Academic Press,  |c 1966- 
300 |a  volumes :  |b illustrations ;  |c 24 cm. 
336 |a text  |b txt  |2 rdacontent 
337 |a unmediated  |b n  |2 rdamedia 
338 |a volume  |b nc  |2 rdacarrier 
504 |a Includes bibliographical references. 
650 0 |a Astronautics. 
999 |a MARS 
999 f f |s 13655b43-ba87-335b-9a0c-b5a063287d3a  |i 2c54b6b0-0e07-3d34-b8d3-af038a80ce66  |t 0 
952 f f |p ric  |a Texas A&M University  |b Rellis Campus  |c Joint Library Facility  |d Remote Storage  |t 0  |e TL790 .R8  |h Library of Congress classification  |i unmediated -- volume  |k v.2  |m A14805557114 
952 f f |p ric  |a Texas A&M University  |b Rellis Campus  |c Joint Library Facility  |d Remote Storage  |t 0  |e TL790 .R8  |h Library of Congress classification  |i unmediated -- volume  |k v.1  |m A14805557106 
998 f f |a TL790 .R8  |s v.1-v.2  |t 0  |l Remote Storage